| 000 | 01189nam a2200265Ia 4500 | ||
|---|---|---|---|
| 999 |
_c51368 _d51368 |
||
| 001 | 18350 | ||
| 003 | GE_BSU | ||
| 005 | 20250506142041.0 | ||
| 008 | 181216s2011||||ge |||||||||||||| ||geo|| | ||
| 020 | _a9789941103391 | ||
| 040 | _cGE_BSU | ||
| 041 | _ageo | ||
| 080 | _a347.965(075.8) ა-35 | ||
| 100 |
_aაქუბარდია, ირინა _99287 |
||
| 245 |
_aდაცვის ხელოვნება : _b [სახელმძღვ. იურიდ. სპეც. სტუდ.] / _cირინა აქუბარდია; [რედ. გურამ ნაჭყებია]. |
||
| 264 |
_aთბილისი : _bმერიდიანი, _c2011. |
||
| 300 |
_a295 გვ. _b21 სმ. |
||
| 504 | _aბიბლიოგრ. ტექსტ. შენიშვნ. და გვ. 288-295. | ||
| 520 | _aრეზ. რუს. და ინგლ. | ||
| 653 | _aდაცვა სისხლის სამართალში | ||
| 653 | _aდაცვის ხელოვნება | ||
| 653 | _aსამართალი | ||
| 700 |
_aნაჭყებია, გურამ _eრედაქტორი _9219 |
||
| 942 |
_cBK _2udc |
||